01188nam a2200277 a 4500001000400000003001000004005001700014008004100031020001800072040002500090080001700115090001800132100003800150245016900188260003800357300002000395504002500415650007900440650003600519650005600555650003000611942001200641952012200653952012200775999001300897698BR-CuiBMT20231127163234.0231113s2018 mgba 000 0 por d a9788545004103 aBR-CuiBMTcBR-CuiBMT 22007a502.14 a502.14bN665m1 aNiebuhr, Pedro de Menezes,d1980-10aManual das áreas de preservação permanente :bregime jurídico geral, modalidades, exceções, com doutrina e jurisprudência /cPedro de Menezes Niebuhr. aBelo Horizonte :bFórum,c2018. a223 p. ;c22 cm aInclui bibliografia. aÁreas de preservação permanente (APP)xAspectos jurídicos zBrasil aProteção ambiental zBrasil a Unidade de conservação xMeio ambientezBrasil aDireito ambientalzBrasil 2udccLV 00102udc4070aBIBTCEMTbBIBTCEMTd2019-08-06l0o502.14 N665mpBIBTCEMT23110547r2023-11-13tEx. 1w2023-11-13yLV 00102udc4070aBIBTCEMTbBIBTCEMTd2019-08-06l0o502.14 N665mpBIBTCEMT23110548r2023-11-13tEx. 2w2023-11-13yLV c698d698